[Event "HCL-A042"]
[Site "www.playchess.de"]
[Date "2001.03.01"]
[Round "1"]
[White "sazex"]
[Black "teenspirit"]
[WhiteElo "1688"]
[BlackElo "1798"]
[PlyCount "69"]
[Result "1-0"]

1.e4 c5 2.Nf3 e6 3.Nc3 a6 4.Be2 Nc6 5.O-O Nf6 6.d4 
cxd4 7.Nxd4 Qc7 8.Nb3 Be7 9.f4 d6 10.Be3 O-O 
11.Bf3 Rb8 12.Nd4 Na5 13.Bc1 b5 14.Qd3 Bb7 15.Rd1 
Rfc8 16.h4 g6 17.a3 Nc4 18.b3 Nb6 19.Bb2 Qc5 
20.Kh1 Bf8 21.Nde2 e5 22.Rac1 Nfd7 23.Bg4 h5 
24.Bxd7 Nxd7 25.Qf3 exf4 26.Nxf4 Ne5 27.Qg3 Ng4 
28.Ncd5 Bg7 29.Nd3 Qa7 30.Ne7+ Kh7 31.Nxc8 Rxc8 
32.Bxg7 Kxg7 33.Rde1 Qd4 34.Qf4 Bxe4 
35.Rxe4 1-0

[Event "HCL-A042"]
[Site "www.playchess.de"]
[Date "2001.03.01"]
[Round "2"]
[White "Savage"]
[Black "sazex"]
[WhiteElo "1600"]
[BlackElo "1688"]
[PlyCount "66"]
[Result "0-1"]

1.e4 e5 2.Nf3 Nc6 3.Bb5 a6 4.Ba4 Nf6 5.O-O Be7 
6.Re1 b5 7.Bb3 O-O 8.c3 Bb7 9.d4 d6 10.Bc2 exd4 
11.cxd4 Nb4 12.Nc3 Nxc2 13.Qxc2 b4 14.Nb1 c5 
15.Nbd2 cxd4 16.Nxd4 Re8 17.f3 Rc8 18.Qd3 d5 
19.exd5 Qxd5 20.N2b3 Bd6 21.Be3 Ng4 22.h3 Bh2+ 
23.Kf1 Ne5 24.Qe2 Nc4 25.Qf2 a5 26.g4 a4 27.Nc1 
Be5 28.Nd3 Bg3 29.Qxg3 Nxe3+ 30.Kg1 Qxd4 31.Nf2 
Qxb2 32.Nd3 Qc3 33.Nf2 Nf5 0-1

[Event "HCL-A042"]
[Site "www.playchess.de"]
[Date "2001.03.01"]
[Round "10"]
[White "dynamitedan"]
[Black "nomad"]
[WhiteElo "1934"]
[BlackElo "1613"]
[PlyCount "39"]
[Result "1-0"]

1.e4 e5 2.Nf3 Nc6 3.Bc4 Nf6 4.d4 exd4 5.e5 Qe7 
6.O-O Ne4 7.Bf4 Qb4 8.b3 Nc3 9.Nxc3 dxc3 10.Ng5 b5 
11.Bxf7+ Ke7 12.Qf3 Bb7 13.a3 Nd8 14.Qe3 Qa5 
15.Qc5+ d6 16.exd6+ Kd7 17.Qf5+ Kc6 18.Bd5+ Kb6 
19.b4 Qa4 20.Bb3 1-0

[Event "HCL-A042"]
[Site "www.playchess.de"]
[Date "2001.03.01"]
[Round "14"]
[White "minkin72"]
[Black "dynamitedan"]
[WhiteElo "1900"]
[BlackElo "1934"]
[PlyCount "27"]
[Result "1/2-1/2"]

1.e4 c5 2.Nf3 d6 3.d4 cxd4 4.Nxd4 Nf6 5.Nc3 a6 
6.Be2 e5 7.Nb3 Be7 8.Bg5 Be6 9.O-O Nbd7 10.Qd3 O-O 
11.Rfe1 b5 12.Rad1 Re8 13.a3 Rc8 
14.h3 1/2-1/2

[Event "HCL-A042"]
[Site "www.playchess.de"]
[Date "2001.03.01"]
[Round "15"]
[White "nomad"]
[Black "minkin72"]
[WhiteElo "1613"]
[BlackElo "1900"]
[PlyCount "60"]
[Result "0-1"]

1.f4 d5 2.Nf3 Nf6 3.e3 g6 4.b3 Bg7 5.Bb2 O-O 6.Be2 
Nc6 7.c4 Bf5 8.d3 Qd6 9.O-O Rad8 10.Ne5 Nd7 11.Ba3 
Nb4 12.d4 c5 13.Bxb4 cxb4 14.c5 Qe6 15.Nd2 Nxe5 
16.fxe5 Bh6 17.Rf3 b6 18.Rc1 f6 19.e4 dxe4 20.Bc4 
exf3 21.Bxe6+ Bxe6 22.exf6 Be3+ 23.Kf1 fxg2+ 
24.Kxg2 Rxd4 25.Rc2 Rxf6 26.Kg3 Bf4+ 27.Kg2 Bd5+ 
28.Kh3 Rd3+ 29.Kg4 Be6+ 30.Kh4 
Rh3+ 0-1

[Event "HCL-A042"]
[Site "www.playchess.de"]
[Date "2001.03.01"]
[Round "18"]
[White "bondegnasker"]
[Black "Savage"]
[WhiteElo "1624"]
[BlackElo "1600"]
[PlyCount "89"]
[Result "1-0"]

1.d4 Nf6 2.c4 d6 3.g3 g6 4.Bg2 Bg7 5.Nf3 O-O 6.O-O 
Nbd7 7.Nc3 c6 8.d5 a5 9.dxc6 bxc6 10.Nd4 Bb7 
11.Nxc6 Bxc6 12.Bxc6 Rc8 13.Bb5 Ne5 14.b3 Qb6 
15.Bb2 Rc7 16.Qd2 Nc6 17.Nd5 Nxd5 18.Bxg7 Kxg7 
19.Qxd5 Ne5 20.Rad1 Rd8 21.Qd4 Qxd4 22.Rxd4 Rc5 
23.Rfd1 Nc6 24.R4d5 Rxd5 25.Rxd5 Nb4 26.Rd2 Rc8 
27.a3 Nc6 28.Bxc6 Rxc6 29.Rd5 Rc5 30.Rxc5 dxc5 
31.Kf1 Kf6 32.Ke1 Ke5 33.Kd2 Kd6 34.Kc3 e5 35.b4 
cxb4+ 36.axb4 axb4+ 37.Kxb4 Kc6 38.e4 f5 39.f3 Kb6 
40.c5+ Kc6 41.g4 fxg4 42.fxg4 g5 43.Kc4 h6 44.h3 
Kc7 45.Kd5 1-0

[Event "HCL-A042"]
[Site "www.playchess.de"]
[Date "2001.03.01"]
[Round "19"]
[White "dynamitedan"]
[Black "bondegnasker"]
[WhiteElo "1934"]
[BlackElo "1624"]
[PlyCount "31"]
[Result "1-0"]

1.Nf3 e6 2.e4 d5 3.e5 c5 4.b4 cxb4 5.a3 d4 6.axb4 
Bxb4 7.Ba3 Bxa3 8.Nxa3 Ne7 9.Nb5 Nec6 10.Nd6+ Ke7 
11.Bb5 Qc7 12.O-O Nxe5 13.Nxe5 Qxd6 14.Qh5 g6 
15.Qh4+ Kf8 16.Qf6 1-0

[Event "HCL-A042"]
[Site "www.playchess.de"]
[Date "2001.03.01"]
[Round "20"]
[White "bondegnasker"]
[Black "nomad"]
[WhiteElo "1624"]
[BlackElo "1613"]
[PlyCount "47"]
[Result "1-0"]

1.d4 d5 2.c4 Nf6 3.cxd5 Nxd5 4.e4 Nf6 5.Bd3 Nc6 
6.Ne2 e6 7.Nbc3 Bb4 8.O-O O-O 9.Bc2 h6 10.f3 b6 
11.Be3 Ba6 12.a3 Be7 13.b4 Bxe2 14.Nxe2 Bd6 15.e5 
Nd5 16.Qd3 f5 17.exd6 cxd6 18.Nf4 Nxe3 19.Qxe3 Qg5 
20.Qxe6+ Rf7 21.Bb3 Qxf4 22.Qxf7+ Kh7 23.Bd5 Qxd4+ 
24.Kh1 1-0

[Event "HCL-A052"]
[Site "www.playchess.de"]
[Date "2001.03.02"]
[Round "4"]
[White "paule"]
[Black "tim_danieli"]
[WhiteElo "1819"]
[BlackElo "1796"]
[PlyCount "77"]
[Result "1-0"]

1.e4 e5 2.Nf3 Nc6 3.Bb5 a6 4.Ba4 b5 5.Bb3 Be7 
6.O-O Nf6 7.Re1 d6 8.c3 O-O 9.h3 Bb7 10.d4 Na5 
11.Bc2 Nd7 12.a4 Nc6 13.d5 Ncb8 14.Be3 Nf6 15.Nbd2 
Nbd7 16.Qe2 c6 17.dxc6 Bxc6 18.Bg5 bxa4 19.Bxa4 
Bxa4 20.Rxa4 Qb6 21.b4 Qc6 22.Ra3 Rfb8 23.Nh4 d5 
24.exd5 Nxd5 25.Bxe7 Nxe7 26.Ne4 Rbe8 27.Rd1 Nf6 
28.Nd6 Red8 29.Qxe5 Ng6 30.Nxg6 hxg6 31.Ra5 Ne8 
32.Rad5 Nxd6 33.R5xd6 Qe8 34.R6xd8 Rxd8 35.Rxd8 
Qxd8 36.c4 Qd1+ 37.Kh2 Qa4 38.b5 Qxc4 
39.b6 1-0

[Event "HCL-A058"]
[Site "www.playchess.de"]
[Date "2001.03.02"]
[Round "7"]
[White "mariuszk"]
[Black "EKALAYA"]
[WhiteElo "2049"]
[BlackElo "1935"]
[PlyCount "64"]
[Result "0-1"]

1.e4 c5 2.g3 d5 3.Bg2 dxe4 4.Bxe4 Nf6 5.Bg2 Nc6 
6.Nc3 Bg4 7.Nge2 e5 8.O-O Be7 9.d3 Qd7 10.Re1 Nd4 
11.Be3 O-O 12.Ne4 Nxe2+ 13.Rxe2 Nxe4 14.f3 Nxg3 
15.hxg3 Be6 16.Kf2 c4 17.Rd2 Qc7 18.d4 exd4 
19.Bxd4 Rfd8 20.Be3 a6 21.f4 Rxd2+ 22.Qxd2 Rd8 
23.Qe2 Bf6 24.c3 Rd7 25.Qh5 g6 26.Qh6 Bg7 27.Qh4 
Qa5 28.g4 Qb5 29.Rh1 Qxb2+ 30.Kg3 Rd3 31.Qxh7+ Kf8 
32.Re1 Bxc3 0-1

[Event "HCL-B070"]
[Site "www.playchess.de"]
[Date "2001.03.02"]
[Round "7"]
[White "Dictator"]
[Black "knight77"]
[WhiteElo "1075"]
[BlackElo "1200"]
[PlyCount "79"]
[Result "1-0"]

1.e4 Nf6 2.e5 Nd5 3.e6 dxe6 4.Nc3 Nxc3 5.dxc3 
Qxd1+ 6.Kxd1 g5 7.Bxg5 e5 8.Bb5+ c6 9.Bc4 Bg4+ 
10.f3 Bxf3+ 11.Nxf3 Nd7 12.Bxf7+ Kxf7 13.c4 Nc5 
14.Nxe5+ Ke6 15.Re1 h6 16.Ng4+ Kf7 17.Ne5+ Ke6 
18.Nf3+ Kf5 19.Re5+ Kg4 20.h3+ Kh5 21.g4+ Kg6 
22.Rxc5 Rd8+ 23.Ke1 Rd6 24.Nh4+ Kg7 25.Nf5+ Kg6 
26.Nxd6 hxg5 27.Nf5 e6 28.Nd6 Bxd6 29.Ra5 Rxh3 
30.O-O-O Bf4+ 31.Kb1 b6 32.Rxa7 Bb8 33.Rb7 Rh8 
34.Rxb6 Bc7 35.Rxc6 Be5 36.Rxe6+ Kf7 37.Rxe5 Kg6 
38.Rd6+ Kf7 {You'll never take me alive!!!!!}  
39.Rd7+ {Here's to Steinitz who made it all 
possible!!!}  Kg6 40.Re6+ 1-0

[Event "HCL-B089"]
[Site "www.playchess.de"]
[Date "2001.03.02"]
[Round "2"]
[White "Trinity"]
[Black "DTG007"]
[WhiteElo "1500"]
[BlackElo "1006"]
[PlyCount "41"]
[Result "1-0"]

1.e4 e5 2.Nf3 Nf6 3.Nc3 Nc6 4.Bb5 d6 5.O-O Be6 
6.d4 exd4 7.Nxd4 Bd7 8.Re1 a6 9.Bc4 Nxd4 10.Qxd4 
c5 11.Qd3 Qc7 12.Bf4 O-O-O 13.Bxf7 Bb5 14.Nxb5 
axb5 15.Be6+ Kb8 16.Rad1 Be7 17.Qxb5 Rhe8 18.e5 
Nh5 19.exd6 Bxd6 20.Bxd6 Rxd6 21.Rxd6 1-0

[Event "HCL-B116"]
[Site "www.playchess.de"]
[Date "2001.03.02"]
[Round "8"]
[White "csadler"]
[Black "Federviech"]
[WhiteElo "1136"]
[BlackElo "964"]
[PlyCount "34"]
[Result "0-1"]

1.e4 e5 2.Nf3 Nc6 3.Bc4 Bc5 4.c3 Nf6 5.d4 d5 
6.exd5 Nxd5 7.dxe5 Be6 8.O-O O-O 9.b4 Bb6 10.Ba3 
a5 11.Re1 axb4 12.Bxb4 Ncxb4 13.cxb4 Nxb4 14.Bxe6 
fxe6 15.Qb3 c5 16.Qxe6+ Kh8 17.Nc3 
Nc2 0-1

[Event "HCL-B120"]
[Site "www.playchess.de"]
[Date "2001.03.02"]
[Round "8"]
[White "TI"]
[Black "iq160"]
[WhiteElo "1458"]
[BlackElo "1200"]
[PlyCount "46"]
[Result "1/2-1/2"]

1.e4 e6 2.d4 d5 3.Nd2 Nf6 4.e5 Nfd7 5.f4 c5 6.c3 
Nc6 7.Ne2 Qb6 8.Nf3 f6 9.g3 cxd4 10.Nexd4 fxe5 
11.fxe5 Nxd4 12.cxd4 Bb4+ 13.Bd2 O-O 14.Bg2 Rxf3 
15.Bxf3 Qxd4 16.Bxb4 Qxb4+ 17.Qd2 a5 18.a3 Qxd2+ 
19.Kxd2 Nxe5 20.Be2 Bd7 21.Rac1 Rf8 22.Rhf1 Rxf1 
23.Rxf1 g5 1/2-1/2

[Event "HCL-B132"]
[Site "www.playchess.de"]
[Date "2001.03.02"]
[Round "12"]
[White "JeanPierre"]
[Black "fadda"]
[WhiteElo "1619"]
[BlackElo "1558"]
[PlyCount "51"]
[Result "1-0"]

1.e4 e5 2.Nf3 Nc6 3.Bb5 d5 4.Nxe5 Nge7 5.Qf3 Be6 
6.O-O a6 7.Bxc6+ Nxc6 8.Nxc6 bxc6 9.b3 d4 10.c3 c5 
11.Ba3 d3 12.Qe3 c4 13.Bxf8 Kxf8 14.bxc4 Bxc4 
15.Qc5+ Qd6 16.Qxc4 h5 17.e5 Qg6 18.Qxc7 h4 19.Re1 
h3 20.g3 Kg8 21.Na3 Kh7 22.Qd7 Kg8 23.e6 fxe6 
24.Rxe6 Qf7 25.Re7 Qg6 26.Qd5+ 1-0

[Event "HCL-B142"]
[Site "www.playchess.de"]
[Date "2001.03.02"]
[Round "27"]
[White "cobra"]
[Black "Bill"]
[WhiteElo "1200"]
[BlackElo "1055"]
[PlyCount "83"]
[Result "1/2-1/2"]

1.e4 e5 2.Nf3 Nc6 3.Nc3 Nf6 4.Bb5 Nd4 5.Bd3 Nxf3+ 
6.Qxf3 Bc5 7.O-O O-O 8.b3 d6 9.Be2 Bg4 10.Qd3 
{Nice to be back}  Re8 {yes, been a long time, but 
the server is faster.}  11.Bxg4 {Worth waiting for 
EH?}  Nxg4 12.Nd1 Re6 13.Qg3 Nf6 14.d3 Nh5 15.Qg4 
g6 16.Ne3 Bd4 17.Rb1 c6 18.Nf5 Nf4 19.Bxf4 h5 
20.Nh6+ Kh7 21.Qg5 Qxg5 22.Bxg5 f6 23.Nf7 Rf8 
24.Nxd6 Rxd6 25.Bd2 Rfd8 26.Kh1 Kg7 27.f4 exf4 
28.Rxf4 Be5 29.Rf3 c5 30.Rbf1 Ra6 31.Be3 Rxa2 
32.Bxc5 Rxc2 33.Be7 Rd7 34.Bxf6+ Bxf6 {I'll be 
away Feb 19 - 23}  35.R3xf6 Kh6 36.R6f3 Rb2 37.e5 
{Enjoy your break Bill}  Re2 38.h4 Rxe5 39.Rd1 Rd4 
40.g3 Rb5 41.Rb1 a5 {What's your feelings on a 
draw? Is it unethical on my part to make a query?} 
 42.Kh2 {I agree to a draw Bill} 
 1/2-1/2

[Event "HCL-B143"]
[Site "www.playchess.de"]
[Date "2001.03.02"]
[Round "6"]
[White "Pirate-Rebel"]
[Black "Bauernopfer"]
[WhiteElo "1400"]
[BlackElo "1317"]
[PlyCount "32"]
[Result "0-1"]

1.e4 e5 2.Nf3 Nc6 3.Bb5 Nge7 4.O-O a6 5.Ba4 d6 
6.c3 Bd7 7.d4 exd4 8.cxd4 Na5 9.Bxd7+ Qxd7 10.Nc3 
O-O-O 11.Be3 Nc4 12.Qe2 Nxe3 13.Qxe3 Nc6 14.d5 Ne5 
15.Nxe5 dxe5 16.Qa7 c6 0-1

[Event "HCL-C061"]
[Site "www.playchess.de"]
[Date "2001.03.02"]
[Round "13"]
[White "Robama"]
[Black "Mohrni"]
[WhiteElo "1000"]
[BlackElo "1000"]
[PlyCount "67"]
[Result "1-0"]

1.e3 e5 2.Qh5 d6 3.Bb5+ c6 4.Ba4 Nf6 5.Qh4 Bd7 
6.Nc3 c5 7.Nf3 Nc6 8.O-O h6 9.Bb5 c4 10.Qxc4 a6 
11.Ba4 b5 12.Nxb5 axb5 13.Qxb5 Nb8 14.Qb4 Rxa4 
15.Qc3 Nd5 16.Qd3 Ra5 17.b3 Bb5 18.Qxd5 Bxf1 
19.Qd4 exd4 20.Kxf1 Nc6 21.a4 dxe3 22.dxe3 g5 
23.h4 Bg7 24.hxg5 Bxa1 25.Ba3 hxg5 26.c4 Qf6 27.b4 
Rxa4 28.b5 Rxa3 29.bxc6 Qb2 30.c7 Rh1+ 31.Ng1 Qb1+ 
32.Ke2 Rxg1 33.c8Q+ Ke7 34.Qg8 1-0

[Event "HCL-C098"]
[Site "www.playchess.de"]
[Date "2001.03.02"]
[Round "18"]
[White "soymilk"]
[Black "COMETIN"]
[WhiteElo "1162"]
[BlackElo "966"]
[PlyCount "33"]
[Result "1-0"]

1.Nf3 d5 2.g3 Nc6 3.Bg2 e5 4.d3 Nf6 5.O-O Bd6 
6.Nbd2 O-O 7.e4 d4 8.c3 dxc3 9.bxc3 b5 10.Bb2 h6 
11.d4 b4 12.dxe5 Nxe5 13.Nxe5 Bxe5 14.Qc2 Be6 
15.cxb4 Bd4 16.e5 Nh5 17.Bxa8 1-0

[Event "HCL-C129"]
[Site "www.playchess.de"]
[Date "2001.03.02"]
[Round "6"]
[White "Nutz"]
[Black "Chill"]
[WhiteElo "999"]
[BlackElo "1000"]
[PlyCount "74"]
[Result "0-1"]

1.e4 c5 2.Bc4 Nc6 3.Qf3 e6 4.Nc3 Nd4 5.Qd3 a6 
6.Nf3 Nc6 7.Na4 b5 8.Nxc5 Bxc5 9.Bb3 Nge7 10.a4 b4 
11.Qc4 Ba7 12.a5 O-O 13.d3 Ng6 14.Bd2 Rb8 15.Be3 
Nxa5 16.Rxa5 Qxa5 17.O-O Bxe3 18.fxe3 Bb7 19.c3 d5 
20.exd5 Bxd5 21.Qxb4 Rxb4 22.cxb4 Qb5 23.Bc4 Bxc4 
24.dxc4 Qxc4 25.g4 Qxg4+ 26.Kf2 Rc8 27.Ke2 Ne5 
28.Rg1 Rc2+ 29.Kd1 Qxf3+ 30.Kxc2 Qf2+ 31.Kc3 Qxg1 
32.Kd4 Nd7 33.b5 axb5 34.Kc3 Qxe3+ 35.Kb4 Qd4+ 
36.Kxb5 Kf8 37.b4 f5 0-1

[Event "HCL-C134"]
[Site "www.playchess.de"]
[Date "2001.03.02"]
[Round "6"]
[White "E_T_"]
[Black "smsemb"]
[WhiteElo "1000"]
[BlackElo "1401"]
[PlyCount "82"]
[Result "0-1"]

1.e4 Nf6 2.e5 Nd5 3.Nf3 d6 4.Bc4 Nb6 5.Bxf7+ Kxf7 
6.Ng5+ Kg8 7.Qf3 Qe8 8.e6 g6 9.d4 Nc6 10.Qe4 d5 
11.Qg4 Bg7 12.c3 Nd8 13.O-O h6 14.Nf3 Nxe6 15.Qg3 
c5 16.dxc5 Nxc5 17.Nbd2 e5 18.Nh4 Kh7 19.b4 Ne6 
20.Bb2 Nf4 21.Rae1 Rf8 22.h3 e4 23.Re3 Be5 24.Rfe1 
Nxh3+ 25.gxh3 Bxg3 26.Rxg3 g5 27.c4 Qf7 28.Bd4 Qf4 
29.Ndf3 exf3 30.Nxf3 Nxc4 31.Re7+ Rf7 32.Re8 Rf8 
33.Re7+ Kg6 34.h4 Bg4 35.hxg5 Bxf3 {this is gonna 
be interesting}  36.gxh6+ Kf5 37.Rxf3 Qxf3 38.Bg7 
Kg4 39.Bxf8 Kh3 40.Kf1 Qd1+ 41.Re1 
Nd2+ 0-1

[Event "HCL-C139"]
[Site "www.playchess.de"]
[Date "2001.03.02"]
[Round "8"]
[White "Theos666"]
[Black "king"]
[WhiteElo "1103"]
[BlackElo "1191"]
[PlyCount "78"]
[Result "0-1"]

1.Nf3 d5 2.g3 Nc6 3.Bg2 Bf5 4.O-O Nf6 5.d3 e5 6.c4 
dxc4 7.dxc4 e4 8.Qxd8+ Rxd8 9.Be3 exf3 10.exf3 Bd3 
11.Rd1 Bxc4 12.Rxd8+ Kxd8 13.Nd2 Be6 14.Bf1 Bd6 
15.b3 h5 16.h4 Be5 17.Rd1 Bf5 18.Nc4+ Ke7 19.f4 
Bc3 20.Bc5+ Ke8 21.Bd3 Bg4 22.Rc1 Nd5 23.Kg2 b6 
24.Be4 Bb4 25.Bxd5 bxc5 26.Bxc6+ Bd7 27.Ne5 Bxc6+ 
28.Nxc6 Bd2 29.Rxc5 Rh6 30.Re5+ Re6 31.Nxa7 Kf8 
32.f5 Rxe5 33.Nc6 Rxf5 34.f3 Rf6 35.a4 Rxc6 36.Kf2 
Rb6 37.Ke2 Bh6 38.f4 Rxb3 39.a5 
Rb2+ 0-1

[Event "HCL-C148"]
[Site "www.playchess.de"]
[Date "2001.03.02"]
[Round "35"]
[White "Nunogomez"]
[Black "Buziness"]
[WhiteElo "849"]
[BlackElo "1001"]
[PlyCount "28"]
[Result "0-1"]

1.e4 e5 2.Nf3 Nc6 3.Bc4 Nf6 4.Ng5 d5 5.exd5 Nxd5 
6.Qf3 Qxg5 7.Bxd5 f6 8.Bxc6+ Bd7 9.Bxd7+ Kxd7 
10.Qxb7 Bc5 11.Qb5+ Kd6 12.O-O h5 13.d4 c6 
14.Qxc5+ Kc7 0-1

[Event "HCL-M004"]
[Site "www.playchess.de"]
[Date "2001.03.02"]
[Round "8"]
[White "Ricco"]
[Black "Lindam"]
[WhiteElo "2200"]
[BlackElo "2400"]
[PlyCount "81"]
[Result "1-0"]

1.e4 c5 2.Nf3 d6 3.d4 cxd4 4.Nxd4 Nf6 5.Nc3 a6 
6.Be3 e6 7.g4 e5 8.Nf5 g6 9.g5 gxf5 10.exf5 d5 
11.gxf6 d4 12.Bc4 Qc7 13.Qd3 dxe3 14.O-O-O exf2 
15.Bxf7+ Kxf7 16.Qd5+ Kxf6 17.Ne4+ Ke7 18.Nd6 Bh6+ 
19.Kb1 Kf6 20.Rhf1 Rf8 21.Rxf2 Nc6 22.Qc4 Kg7 
23.Rg1+ Kh8 24.Rfg2 Bg7 25.R2xg7 Qxg7 26.Rxg7 Kxg7 
27.Qg4+ Kh8 28.Qg5 Be6 29.b3 Rad8 30.Qh6 Bxf5 
31.Nxb7 Rdc8 32.Nd6 Bxc2+ 33.Kxc2 Nb4+ 34.Kd1 Rf1+ 
35.Ke2 Rcf8 36.Ne4 Nxa2 37.Kd2 R1f7 38.Qd6 R7f5 
39.h4 a5 40.Qc7 Nb4 41.Qxa5 1-0

[Event "ACL-A009"]
[Site "www.playchess.de"]
[Date "2001.03.02"]
[Round "3"]
[White "Llewellyn_Adamson"]
[Black "Gearloose"]
[WhiteElo "1500"]
[BlackElo "1500"]
[PlyCount "87"]
[Result "1-0"]

1.d4 Nf6 2.c4 c5 3.d5 b5 4.cxb5 a6 5.bxa6 Bxa6 
6.Nc3 d6 7.Nf3 g6 8.g3 Bg7 9.Bg2 O-O 10.O-O Nbd7 
11.Qc2 Qb6 12.Rd1 Rfb8 13.Rb1 Ne8 14.Bf4 Nc7 15.e4 
Nb5 16.Nxb5 Bxb5 17.b3 h6 18.a4 Ba6 19.Rdc1 Ra7 
20.Bd2 Be2 21.Ne1 Qa6 22.Bc3 Bxc3 23.Qxc3 Rab7 
24.Rc2 Bh5 25.Nd3 g5 26.f4 f6 27.a5 c4 28.Qxc4 
Qxa5 29.b4 Qa7+ 30.Kh1 Nb6 31.Qb3 Nd7 32.Qc3 Bf7 
33.Rbc1 Qe3 34.Re1 Qb6 35.Ra1 Qe3 36.Rcc1 Kg7 
37.Ra3 Qb6 38.Qc6 Qe3 39.Rca1 Qd4 40.Qc3 Qxc3 
41.Rxc3 f5 42.e5 Nf8 43.Rf1 Bg6 
44.Rfc1 1-0

[Event "ACL-A028"]
[Site "www.playchess.de"]
[Date "2001.03.02"]
[Round "8"]
[White "chessrookie"]
[Black "nadavies_uk"]
[WhiteElo "1300"]
[BlackElo "1344"]
[PlyCount "55"]
[Result "1-0"]

1.e4 e5 2.Nf3 Nc6 3.Nc3 Nf6 4.Bc4 Nxe4 5.Nxe4 d5 
6.Bd3 dxe4 7.Bxe4 Nd4 8.Nxd4 exd4 9.O-O c6 10.Re1 
Be7 11.Qf3 O-O 12.Bxh7+ Kxh7 13.Qe4+ Kg8 14.Qxe7 
Qxe7 15.Rxe7 Bf5 16.Rxb7 Rfe8 17.f3 Bxc2 18.Kf2 d3 
19.b3 c5 20.Rc7 Rec8 21.Rd7 c4 22.bxc4 Rxc4 23.Bb2 
Rb8 24.Bc3 Ba4 25.Rxa7 Bc2 26.Rd7 Rb1 27.Rxb1 Bxb1 
28.a3 1-0

[Event "ACL-A065"]
[Site "www.playchess.de"]
[Date "2001.03.02"]
[Round "14"]
[White "victor"]
[Black "Dimentiy"]
[WhiteElo "1500"]
[BlackElo "1500"]
[PlyCount "44"]
[Result "0-1"]

1.e4 c5 2.c3 d5 3.exd5 Qxd5 4.d4 e6 5.Nf3 Nf6 
6.Be2 Be7 7.O-O O-O 8.c4 Qd8 9.Nc3 cxd4 10.Qxd4 
Bd7 11.b3 Nc6 12.Qd1 a6 13.Bg5 e5 14.Re1 h6 
15.Bxf6 Bxf6 16.Nd5 Be6 17.Nxf6+ Qxf6 18.Bf1 Bg4 
19.h3 Bxf3 20.Qxf3 Qxf3 21.gxf3 Nd4 22.Rxe5 
Nxf3+ 0-1

[Event "ACL-A069"]
[Site "www.playchess.de"]
[Date "2001.03.02"]
[Round "9"]
[White "Romulus73"]
[Black "ggaarrii"]
[WhiteElo "1500"]
[BlackElo "1500"]
[PlyCount "57"]
[Result "1-0"]

1.d4 f5 2.c4 c6 3.g3 Nf6 4.Bg2 d5 5.e3 e6 6.Nf3 
Be7 7.O-O O-O 8.Nc3 Ne4 9.Bd2 Nd7 10.Qb3 Ndf6 
11.Nxe4 fxe4 12.Ne5 Nd7 13.Nxd7 Qxd7 14.cxd5 exd5 
15.Bxe4 Qe8 16.Bg2 Qh5 17.e4 Bh3 18.Bxh3 Qxh3 
19.Qxb7 Rab8 20.Qxe7 {A piece is always a piece!}  
Rxb2 21.Bb4 Rb8 22.Bd6 R2b7 23.Qe5 Rd8 24.exd5 
Rbd7 25.dxc6 R7xd6 26.c7 R6xd4 27.cxd8Q+ {%}  Rxd8 
28.Rfe1 h5 29.Qe6+ 1-0

[Event "ACL-A070"]
[Site "www.playchess.de"]
[Date "2001.03.02"]
[Round "14"]
[White "cabe"]
[Black "Mr_Arnaud"]
[WhiteElo "1500"]
[BlackElo "1240"]
[PlyCount "44"]
[Result "1/2-1/2"]

1.d4 Nf6 2.c4 e6 3.Nc3 Bb4 4.e3 O-O 5.Bd3 d5 6.Nf3 
c5 7.O-O dxc4 8.Bxc4 cxd4 9.exd4 b6 10.Bf4 Bb7 
11.Rc1 Nbd7 12.Qa4 Bxc3 13.Rxc3 Nd5 14.Bxd5 Bxd5 
15.Bd6 Re8 16.Rfc1 {I'm sorry; I still see 
possibilities. I want to play on.}  Nf6 17.Be5 Nd7 
{it is draw}  18.Bg3 Nf6 19.Bh4 Qd7 20.Qxd7 Nxd7 
21.R3c7 Nf8 22.Ne5 f6 1/2-1/2

[Event "ACL-A070"]
[Site "www.playchess.de"]
[Date "2001.03.02"]
[Round "26"]
[White "Habi"]
[Black "peze2"]
[WhiteElo "1500"]
[BlackElo "1986"]
[PlyCount "71"]
[Result "1/2-1/2"]

1.e4 e5 2.d4 exd4 3.Qxd4 Nc6 4.Qa4 Nf6 5.Bg5 a6 
6.Bb5 Be7 7.Nc3 Nxe4 8.Qxe4 axb5 9.Nxb5 O-O 
10.Bxe7 Nxe7 11.Nf3 d5 12.Qb4 Nc6 13.Qf4 Re8+ 
14.Kd2 Na5 15.Kc1 Nc4 16.b3 c6 17.bxc4 cxb5 
18.cxd5 Qxd5 19.Rd1 Qc6 20.Rd3 Be6 {be early for 
draw. Sorry!}  21.a3 Bd5 22.Qd2 Be4 23.Rd6 Qc7 
24.Kb2 b4 25.axb4 Rxa1 26.Kxa1 Bxc2 27.Kb2 Ba4 
28.Rd3 Bc6 29.g3 Ra8 30.Nd4 Be4 31.Nb5 Qb6 32.Rd6 
Bc6 33.Na3 Qc7 34.f4 Re8 35.Nc4 Bb5 
36.Ne5 1/2-1/2

[Event "ACL-A073"]
[Site "www.playchess.de"]
[Date "2001.03.02"]
[Round "27"]
[White "Yogibear"]
[Black "Dio"]
[WhiteElo "1771"]
[BlackElo "1500"]
[PlyCount "61"]
[Result "1-0"]

1.Nf3 Nf6 2.g3 d6 3.Bg2 e5 4.d3 Nbd7 5.O-O Be7 
6.c4 c6 7.Nc3 O-O 8.Bd2 Re8 9.Rc1 a6 10.d4 Bf8 
11.d5 c5 12.a3 e4 13.Ng5 e3 14.Bxe3 Rxe3 15.fxe3 
Ng4 16.Nxf7 Qe7 17.Ne4 Nxe3 18.Qb3 Nxf1 19.Rxf1 h6 
20.Nexd6 Qxe2 21.Nxc8 Rxc8 22.Bh3 Rc7 23.d6 Bxd6 
24.Nxd6 Nf6 25.Nxb7 Re7 26.Nxc5 Ng4 27.Bxg4 Qxg4 
28.Qd3 Re2 29.b4 Rb2 30.Nd7 g6 
31.Qd5+ 1-0

[Event "HCL-C154"]
[Site "www.playchess.de"]
[Date "2001.03.02"]
[Round "11"]
[White "Translightor"]
[Black "Petra"]
[WhiteElo "885"]
[BlackElo "1179"]
[PlyCount "77"]
[Result "1-0"]

1.e4 {Hello & Good Luck!}  c6 2.Nf3 d5 3.Nc3 dxe4 
4.Nxe4 Bf5 5.Ng3 Bg6 6.h4 h5 7.Ne5 Nd7 8.Nxg6 fxg6 
9.d4 e5 10.Qd3 Ndf6 11.Qxg6+ Kd7 12.dxe5 Qe8 
13.Qf5+ Qe6 14.Qxe6+ Kxe6 15.exf6 Nxf6 16.Bc4+ Nd5 
17.Bg5 b5 18.Be2 Bb4+ 19.c3 Nxc3 20.a3 Nxe2+ 
21.axb4 Nxg3 22.fxg3 Rad8 23.Bxd8 Rxd8 24.Rxa7 Rd4 
25.Rxg7 Re4+ 26.Kd2 Rd4+ 27.Kc3 Re4 28.Rd1 Re3+ 
29.Rd3 Rxd3+ 30.Kxd3 Kf6 31.Rg5 Ke6 32.Rxh5 Kd6 
33.g4 c5 34.bxc5+ Kc6 35.Kd4 b4 36.Rh6+ Kb5 
37.Rb6+ Ka4 38.Kc4 Ka5 39.g5 1-0

[Event "HCL-B148"]
[Site "www.playchess.de"]
[Date "2001.03.02"]
[Round "34"]
[White "BorEl"]
[Black "Gruhni"]
[WhiteElo "1490"]
[BlackElo "1354"]
[PlyCount "53"]
[Result "1-0"]

1.e4 e5 2.Nf3 Nc6 3.Bb5 a6 4.Ba4 b5 5.Bb3 d6 6.O-O 
Bg4 7.h3 Bh5 8.Nxe5 Bxd1 9.Bxf7+ Ke7 10.Nxc6+ Kxf7 
11.Nxd8+ Rxd8 12.Rxd1 Nf6 13.d3 d5 14.e5 Nd7 15.d4 
Nb6 16.a4 Be7 17.axb5 axb5 18.Ra7 Rd7 19.f4 Rhd8 
20.f5 Kg8 21.e6 R7d6 22.Bf4 Rc6 23.Rxc7 Rxc7 
24.Bxc7 Rc8 25.Bxb6 Rxc2 26.Nc3 Rxb2 
27.Ra1 1-0

[Event "HCL-C154"]
[Site "www.playchess.de"]
[Date "2001.03.02"]
[Round "21"]
[White "Petra"]
[Black "Allesnehmer"]
[WhiteElo "1179"]
[BlackElo "1380"]
[PlyCount "58"]
[Result "0-1"]

1.e4 e6 2.d4 d5 3.Nc3 Nf6 4.e5 Nfd7 5.Nf3 c5 6.Bg5 
Qb6 7.b3 cxd4 8.Nxd4 Bb4 9.Qd2 Nc6 10.Nxc6 Qxc6 
11.Be2 Bxc3 12.O-O Bxd2 13.Bxd2 Qxc2 14.Rac1 Qxd2 
15.Bb5 O-O 16.Rcd1 Qxa2 17.h3 Nxe5 18.Rde1 Qxb3 
19.Rxe5 Qxb5 20.Rfe1 a5 21.R1e3 f6 22.Rh5 Qb1+ 
23.Kh2 d4 24.Re4 Qxe4 25.f3 Qf4+ 26.Kg1 d3 27.Rc5 
d2 28.Kf2 d1Q {%}  29.g3 Qfd2+ 0-1

[Event "HCL-B152"]
[Site "www.playchess.de"]
[Date "2001.03.02"]
[Round "15"]
[White "lostpawn2000"]
[Black "Ciociosan"]
[WhiteElo "1644"]
[BlackElo "1500"]
[PlyCount "62"]
[Result "0-1"]

1.d4 c6 2.c4 d5 3.cxd5 cxd5 4.Nf3 Nf6 5.Nc3 Bg4 
6.Qb3 Qb6 7.Nxd5 Nxd5 8.Qxd5 e6 9.Qb3 Qxb3 10.axb3 
Nc6 11.e3 Rc8 12.Be2 Bd6 13.O-O a6 14.h3 Bh5 15.g4 
Bg6 16.Re1 h5 17.Ng5 hxg4 18.Bxg4 Bb4 19.Rd1 Bc2 
20.Rf1 Bxb3 21.Bd1 Bc4 22.Ne4 Bxf1 23.Kxf1 Rxh3 
24.Ke2 Kd7 25.Ng5 Rh5 26.Nf3 g5 27.Kd3 f5 28.Nd2 
g4 29.Nc4 Ke7 30.e4 Rd8 31.f3 Rxd4+ 0-1

[Event "ACL-A081"]
[Site "www.playchess.de"]
[Date "2001.03.02"]
[Round "17"]
[White "Edik"]
[Black "Steve_Jackson"]
[WhiteElo "1501"]
[BlackElo "1500"]
[PlyCount "48"]
[Result "0-1"]

1.d4 d5 2.c4 dxc4 3.e4 e5 4.d5 Bc5 5.Bxc4 Nf6 
6.Bg5 Bxf2+ 7.Ke2 Bd4 8.Nc3 Bxc3 9.bxc3 Nxe4 
10.Bxd8 Nxc3+ 11.Ke1 Nxd1 12.Bxc7 Ne3 13.Bb3 Nxg2+ 
14.Kf2 Nf4 15.Rd1 Bf5 16.Ba4+ Nd7 17.Nf3 f6 18.Ke3 
Rc8 19.d6 O-O 20.Bb3+ Be6 21.Rhg1 b6 22.Rg3 Bxb3 
23.axb3 Ne6 24.Rc1 Ndc5 0-1

[Event "ACL-A081"]
[Site "www.playchess.de"]
[Date "2001.03.02"]
[Round "19"]
[White "Buziness"]
[Black "Steve_Jackson"]
[WhiteElo "1004"]
[BlackElo "1500"]
[PlyCount "50"]
[Result "0-1"]

1.e4 e5 2.Nf3 Nf6 3.Nxe5 d6 4.Nxf7 Kxf7 5.Bc4+ d5 
6.exd5 Bd6 7.Qf3 Bg4 8.Qe3 Re8 9.O-O Rxe3 10.dxe3 
Bf5 11.Na3 Ng4 12.g3 Ne5 13.f3 Bxa3 14.b3 Bc5 
15.Rd1 Qf6 16.d6+ Nxc4 17.dxc7 Qxa1 18.g4 Nxe3 
19.gxf5 Nxd1+ 20.Kg2 Qd4 21.c8Q {%}  Qg1+ 22.Kh3 
Nf2+ {%?}  23.Kh4 Be7+ {4%}  24.f6 Bxf6+ {34%}  
25.Kh5 Qg6+ {100%}  0-1